000
00453nam a2200145Ia 4500
008
100122s9999 xx 000 0 und d
082
_b
17253
_a
823.08
100
_a
जोशी य गो
245
_a
पुनर्भेट भाग - 9 वा
260
_b
य.गो.जोशी
_c
1966
300
_a
200
630
_a
पुनर्भेट भाग - 9 वा
730
_a
पुनर्भेट भाग - 9 वा
942
_c
BOOK
999
_c
407034
_d
407031